Estatísticas para Capitais dos países em 1914

Clique aqui para jogar o quiz

Estatísticas Gerais

  • Esse quiz foi jogado 49 vezes
  • A pontuação média é 37 de 64

Estatísticas das Respostas

PaisCapital% Correto
AlemanhaBerlim
97%
ArgentinaBuenos Aires
92%
BrasilRio de Janeiro
92%
Austria-HungaryViena | Budapeste
89%
FrançaParis
86%
ChileSantiago
86%
BélgicaBruxelas
83%
CubaHavana
83%
PeruLima
83%
EspanhaMadrid
83%
Estados UnidosWashington D.C.
83%
AndorraAndorra-a-Velha
81%
GréciaAtenas
81%
Reino UnidoLondres
81%
NoruegaOslo
81%
CanadáOttawa
81%
ColômbiaBogotá
78%
RomêniaBucareste
78%
VenezuelaCaracas
78%
SuéciaEstocolmo
78%
PortugalLisboa
78%
UruguaiMontevidéu
78%
EquadorQuito
78%
ItáliaRoma
78%
BolíviaSucre
78%
Países BaixosAmesterdão
75%
San MarinoSan Marino
75%
BulgáriaSofia
75%
JapãoTóquio
75%
ParaguaiAssunção
72%
MéxicoCidade do México
72%
PanamáCidade do Panamá
72%
DinamarcaCopenhaga
72%
MônacoMônaco
72%
África do SulPretória
72%
SuíçaBerna
69%
Nova ZelândiaWellington
69%
AfeganistãoCabul
67%
El SalvadorSan Salvador
67%
GuatemalaCidade da Guatemala
61%
Costa RicaSan José
61%
SérviaBelgrado
58%
PersiaTeerã
58%
EtiópiaAdis Abeba
56%
AustráliaMelbourne
53%
HaitiPorto Príncipe
53%
LiechtensteinVaduz
53%
NicaráguaManágua
50%
HondurasTegucigalpa
44%
República DominicanaSanto Domingo
42%
LibériaMonróvia
33%
Muscat e OmanMascate
17%
Nedj e HasaRiade
17%
SiamBanguecoque
8%
Ottoman EmpireConstantinople
6%
AlbâniaDurres
3%
NewfoundlandSaint John's
3%
MontenegroCetinje
0%
Ha'ilHa'il
0%
SuluJolo
0%
LuxemburgoLuxembourg City
0%
MongóliaNiislel Khuree
0%
ChinaPeking
0%
RússiaSaint Petersburg
0%

Distribuição das Pontuações

Percentil de Números Respondidos

Porcentagem de Pessoas com Cada Pontuação

Sua Pontuação Histórica

Você não jogou esse quiz